000 00570cam a22002053a 4500
001 40353
003 PGUSA
005 20140828083912.0
008 120727s2012||||xxu|||||s|||||000 | eng d
040 _aPGUSA
_beng
042 _adc
100 1 _aMarsh, Richard,
_d1857-1915
245 1 4 _aThe Datchet Diamonds
_h[electronic resource] /
_cRichard Marsh
260 _bProject Gutenberg,
_c2012
506 _aPublic domain in the USA.
516 _aElectronic text
830 0 _aProject Gutenberg
_v40353
856 4 0 _uhttp://www.gutenberg.org/ebooks/40353
942 _cEB
999 _c269606
_d269606